000 00782cam a22001935a 4500
001 L141115
008 071029s1826 xxk eng u
035 _a(Sirsi) u141115
041 0 _aeng
110 2 _aMessrs. Robins
245 0 0 _aParticulars and conditions of sale of a valuable copyhold estate consisting of a roomy family house, pleasantly situate, no. 3 Old Chapel Row, Kentish Town...which will be sold by auction by Messrs. Robins at the Auction Mart, opposite the Bank of England on Wednesday the 17th of May 1826...
260 _aS.l.
_bs.n.
_c[1826]
300 _a1 sheet
_c39 x 24 cm.
340 _aPrinted
351 _cSingle item
651 4 _aLondon
690 _aPROPERTY-PROPERTY ACQUISITION AND DISPOSAL-ACQUISITION AND DISPOSAL AT AUCTION
942 _n0
999 _c116603
_d116603